Billboard Top 100 Songs of 2018 - Statistics

General Stats
  • This quiz has been taken 55 times
  • The average score is 26 of 100
Answer Stats
# Artist Song % Correct
4 Camila Cabello Havana
79%
1 Drake God's Plan
72%
2 Ed Sheeran Perfect
69%
71 Ed Sheeran Shape Of You
69%
10 Maroon 5 Girls Like You
64%
7 Cardi B I Like It
64%
22 Imagine Dragons Thunder
62%
16 Dua Lipa New Rules
59%
17 XXXTENTACION Sad!
56%
51 Childish Gambino This Is America
56%
80 Marshmello & Bastille Happier
54%
100 Imagine Dragons Believer
51%
14 Bruno Mars & Cardi B Finesse
51%
9 Drake In My Feelings
51%
12 Juice WRLD Lucid Dreams
51%
5 Post Malone Rockstar
51%
26 Marshmello & Anne Marie Friends
49%
3 Bebe Rexha & Florida Georgia Line Meant To Be
49%
20 Ariana Grande No Tears Left To Cry
49%
68 Calvin Haris & Dua Lipa One Kiss
46%
54 Cardi B Bodak Yellow (Money Moves)
44%
42 Travis Scott Sicko Mode
44%
60 Selena Gomez X Marshmello Wolves
44%
33 Portugal. The Man Feel It Still
41%
18 Camila Cabello Never Be The Same
38%
6 Post Malone Psycho
38%
13 Post Malone Better Now
36%
50 Kendrick Lamar Love.
36%
55 Lil Dicky Freaky Friday
33%
62 Ariana Grande God Is A Woman
33%
44 Lil Pump Gucci Gang
33%
98 Dua Lipa IDGAF
33%
36 5 Seconds of Summer Youngblood
33%
45 G-Eazy & Halsey Him & I
31%
64 Demi Lovato Sorry Not Sorry
31%
8 Zedd The Middle
31%
47 Kendrick Lamar & SZA All The Stars
28%
46 Shawn Mendes In My Blood
28%
77 benny blanco, Halsey & Khalid Eastside
26%
35 Lauv I Like Me Better
26%
11 Drake Nice For What
26%
32 Dan + Shay Tequila
26%
49 Sam Smith Too Good At Goodbyes
26%
41 Selena Gomez Back To You
23%
29 NF Let You Down
23%
99 J Balvin & Willi William Mi Gente
23%
37 Imagine Dragons Whatever It Takes
23%
15 Ella Mai Boo'd Up
21%
93 Daddy Yankee Dura
21%
19 Khalid & Normani Love Lies
21%
21 Bazzi Mine
21%
88 XXXTENTACION Moonlight
21%
69 Imagine Dragons Natural
21%
78 The Weeknd Call Out My Name
18%
24 Taylor Swift Delicate
18%
31 6ix9ine FEFE
18%
23 BlocBoy JB Look Alive
18%
40 The Weeknd & Kendrick Lamar Pray For Me
18%
85 Justin Timberlake Say Something
18%
28 Tyga Taste
18%
58 Maroon 5 Wait
18%
67 Khalid Young Dumb & Broke
18%
65 Charlie Puth How Long
15%
83 N*E*R*D & Rihanna Lemon
15%
34 Migos, Nicky Minaj & Cardi B MotorSport
15%
92 Ella Mai Trip
15%
27 Halsey Bad At Love
13%
61 Cardi B Bartier Cardi
13%
48 Migos Stir Fry
13%
89 Maroon 5 What Lovers Do
13%
66 MAX Lights Down Low
10%
95 Brett Young Mercy
10%
74 A$AP Ferg Plain Jane
10%
38 Offset & Metro Boomin Ric Flair Drip
10%
43 Migos Walk It Talk It
10%
59 Cardi B Be Careful
8%
94 XXXTENTACION Changes
8%
56 6ix9ine Gummo
8%
79 Jay Rock, Kendrick Lamar, Future & James Blake King's Dead
8%
30 G-Eazy No Limit
8%
57 Rich The Kid Plug Walk
8%
81 Casper Magico, Nio Garcia, Darell, Nicky Jam, Ozuna & Bad Bunny Te Bote
8%
90 Nicky Jam X J Balvin X
8%
84 Logic 1-800-273-8255
5%
63 YG Big Bank
5%
39 Post Malone I Fall Apart
5%
73 DJ Khaled No Brainer
5%
52 Drake Nonstop
5%
25 Lil Baby & Drake Yes Indeed
5%
70 Jason Aldean You Make It Easy
5%
87 Kenny Chesney Get Along
3%
53 Kane Brown Heaven
3%
86 Drake I'm Upset
3%
97 Rae Sremmurd & Juicy J Powerglide
3%
82 Florida Georgia Line Simple
3%
75 Miguel Sky Walker
3%
72 Gucci Mane I Get The Bag
0%
76 Thomas Rhett Marry Me
0%
96 Luke Combs One Number Away
0%
91 YoungBoy Never Broke Again Outside Today
0%
No matching quizzes found
Score Distribution
Percent of People with Each Score
Percentile by Number Answered
Your Score History
You have not taken this quiz